000 00535nam a22001817a 4500
003 OSt
005 20260629114110.0
008 260629b |||||||| |||| 00| 0 eng d
020 _a978-1-4129-8177-4
040 _cChuka University Library
050 _aLC 149 .N6 2006
100 _aKnight Jim
_931397
245 _aHigh Impact Instruction: A framework for Great Teaching
260 _aUSA
_bCorwin
_c2013
300 _axvii, 371P
_bPreface, Illustrations and Index
650 _aTeaching- Methodology
_930603
942 _2lcc
_cBK
_n0
999 _c25311
_d25311